Statistics for English Monarchs Quiz

Click here to take the quiz!

General Stats

  • This quiz has been taken 146,763 times
    (121,367 since last reset)
  • The average score is 10 of 13

Answer Stats

# Name % Correct
2Elizabeth
98%
8Henry
96%
6George
92%
4William
89%
8Edward
87%
2Mary
84%
1Victoria
83%
2Charles
82%
2James
77%
3Richard
75%
1John
74%
1Anne
59%
1Stephen
47%

Score Distribution

Percentile by Number Answered

Percent of People with Each Score

Your Score History

You have not taken this quiz since the last reset